01570nam a2200289Ia 4500001000600000003000900006008004100015040001300056040001300069041001300082100002000095100002900115240005100144240003500195245007200230245007100302250001100373260001100384260001300395260004900408300005700457500060300514650004001117650003101157700003801188700005401226H9580IT-RoPAU130308s9999 xx 000 0 und d aIT-RoPAU cIT-RoPAU aITALIANO aKhuon Ernst Von gCodice Aut. SPICS: 59855 aKULTUREN, VOLKER UND REICHE VERGANGENER ZEITEN gCodice Tit. Orig. Spics: T3842 aGrande libro delle civiltà dalla preistoria ai grandi imperi (Il) bGrande Libro delle Civilta' Dalla Preistoria Ai Grandi imperi (Il) a1a ed. aMILANO bVallardi c1979 [1° Ed.:1979 - Ed.Ling.Originale:1972] a"248 p. (prefazione: no ; testo: 248 [pagine: 0-0])" aEtà della Pietra. Età del Bronzo e del Ferro. Favolose ricchezze degli Antichi Principi di Mesopotamia. Antico Egitto. Ittiti, Fenici, Ebrei. Persia impero del Re dei Re. Creta e Micene Piu' Antiche Civiltà del Mar Egeo. Immortale splendore dell'antica Grecia. Misteriose Origini degli Etruschi. Antica Roma. impero Bizantino. Longobardi, Franchi e Normanni. sotto verde Bandiera dell'Islam. Antica grandezza dei Re dell'Africa Nera. India tra Induismo e Buddismo. vecchia Cina Dietro Gigantesca Muraglia. solitario Enigmatico Giappone. molteplici Culture Nei mari del Sud. Americhe. Atlante. aSTORIA UNIVERSALE DELLE ARTI VISIVE eCodice materia Spics: 5009 aGarobbio AurelioVallardi Emanuela gCodice Aut. SPICS: 59853Codice Aut. SPICS: 59854